|
|
|
|
| LEADER |
00000naa2a2200000 4500 |
| 001 |
611484 |
| 005 |
20250428124326.0 |
| 035 |
|
|
|a (RuTPU)RU\TPU\conf\9279
|
| 035 |
|
|
|a RU\TPU\conf\9278
|
| 090 |
|
|
|a 611484
|
| 100 |
|
|
|a 20150325d2014 k y0rusy50 ca
|
| 101 |
0 |
|
|a rus
|
| 102 |
|
|
|a RU
|
| 105 |
|
|
|a y z 101zy
|
| 135 |
|
|
|a drcn ---uucaa
|
| 181 |
|
0 |
|a i
|
| 182 |
|
0 |
|a b
|
| 200 |
1 |
|
|a Исследование химического состава вод реки Красный Каньон и водопада Датанла (Вьетнам)
|f Чан Тхи Хыонг
|g науч. рук. Н. В. Гусева
|
| 203 |
|
|
|a Текст
|c электронный
|
| 300 |
|
|
|a Заглавие с титульного экрана
|
| 320 |
|
|
|a [Библиогр.: с. 313 (6 назв.)]
|
| 337 |
|
|
|a Adobe Reader
|
| 461 |
|
1 |
|0 (RuTPU)RU\TPU\conf\8104
|t Научная инициатива иностранных студентов и аспирантов российских вузов
|o сборник докладов VII Всероссийской научно-практической конференции, Томск, 23-25 апреля 2014 г.
|f Ассоциация иностранных студентов в России (АИС); Национальный исследовательский Томский политехнический университет (ТПУ), Институт международного образования и языковой коммуникации (ИМОЯК)
|o в 3 т.
|d 2014
|
| 463 |
|
1 |
|0 (RuTPU)RU\TPU\conf\8106
|t Т. 2
|v [С. 309-313]
|d 2014
|
| 610 |
1 |
|
|a труды учёных ТПУ
|
| 610 |
1 |
|
|a электронный ресурс
|
| 610 |
1 |
|
|a химический состав
|
| 610 |
1 |
|
|a вода
|
| 610 |
1 |
|
|a реки
|
| 610 |
1 |
|
|a Вьетнам
|
| 610 |
1 |
|
|a водопады
|
| 610 |
1 |
|
|a водные объекты
|
| 610 |
1 |
|
|a экологическое состояние
|
| 700 |
|
0 |
|a Чан Тхи Хыонг
|
| 702 |
|
1 |
|a Гусева
|b Н. В.
|c гидрогеолог
|c профессор Томского политехнического университета, доктор геолого-минералогических наук
|f 1984-
|g Наталья Владимировна
|4 727
|9 12650
|
| 712 |
0 |
2 |
|a Национальный исследовательский Томский политехнический университет (ТПУ)
|b Институт природных ресурсов (ИПР)
|b Кафедра гидрогеологии, инженерной геологии и гидрогеоэкологии (ГИГЭ)
|3 (RuTPU)RU\TPU\col\18664
|
| 801 |
|
2 |
|a RU
|b 63413507
|c 20150325
|g RCR
|
| 850 |
|
|
|a 63413507
|
| 856 |
4 |
|
|u http://www.lib.tpu.ru/fulltext/c/2014/C19/V2/062.pdf
|
| 942 |
|
|
|c BK
|